| 000 | 01018nam a2200289 a 4500 | ||
|---|---|---|---|
| 005 | 20200104041541.0 | ||
| 008 | 140312b2000 ck ||||| |||| 00| 0 spa d | ||
| 040 |
_aCO-BoIAVH _cCO-BoIAVH |
||
| 041 | _aspa | ||
| 044 | _ack | ||
| 090 |
_aLB _b03343 |
||
| 100 |
_aPeña Bohórquez, Luz Marina _920394 |
||
| 245 | 0 | _aPlan de manejo y ordenamiento ambiental participativo para la microcuenca del río Fusavita, parte alta (desde su nacimiento hasta la confluencia con la quebrada la Hundida) en los municipios de Chinavita y Ramiriqui (Boyacá) | |
| 260 |
_aBogotá? _c2000? _bs.e. |
||
| 300 | _a152 p. | ||
| 650 | 6 |
_aFlora _992293 |
|
| 650 | 6 |
_aEducación Ambiental _9162 |
|
| 650 | 6 |
_aFauna _943396 |
|
| 650 | 6 |
_aDesarrollo sostenible _9278 |
|
| 700 |
_aDíaz Torres, Angel _920395 |
||
| 700 |
_aRodríguez, Yolanda _920396 |
||
| 700 |
_aBravo Niño, Oscar Armando _920397 |
||
| 700 |
_aGalvis Rueda, Manuel _94697 |
||
| 700 |
_aBravo Niño, Claudia Lily _920398 |
||
| 942 |
_2z _cINFORME |
||
| 945 | _d2004-01-22 | ||
| 999 |
_c3566 _d3566 |
||